000 00583nam a22002057a 4500
003 OSt
005 20160830144151.0
008 160816b xxu||||| |||| 00| 0 eng d
020 _a9780486442785
020 _a0486442780
040 _cDDC.
082 _a003.5FRI 2005;
100 _aFriedland,Bernard;
_910688
245 _aControl System Design :
_bAn Introduction to State-Space Methods.
260 _aNew York;
_bMcGraw-Hill.
_c2005.
300 _axiv,513p;
_bill;
_c24cm.
504 _aIncludes References and Index.
650 _aSystem Control.
_99603
942 _2ddc
_cO_SHELF
999 _c5106
_d5106